Effectif Manchester City 2025/2026 - Statistiques

Statistiques générales
  • Ce quiz a été pris 1 624 fois
    136 depuis la dernière actualisation
  • Le résultat moyen est 22 sur 28
Statistiques - réponses
Poste Numéro Pays Joueur % Correct
G 25 Italie Gianluigi Donnarumma
98%
ATT 9 Norvège Erling Haaland
95%
COACH - Espagne Pep Guardiola
95%
ATT 10 France Rayan Cherki
93%
DEF 3 Portugal Rúben Dias
93%
ATT 11 Belgique Jérémy Doku
91%
ATT 7 Egypte Omar Marmoush
91%
DEF 24 Croatie Josko Gvardiol
88%
DEF 21 Algérie Rayan Aït-Nouri
88%
MIL 20 Portugal Bernardo Silva
87%
DEF 5 Angleterre John Stones
87%
DEF 6 Pays-Bas Nathan Aké
86%
ATT 26 Brésil Savinho
86%
MIL 8 Croatie Mateo Kovacic
85%
DEF 45 Ouzbékistan Abdukodir Khusanov
84%
MIL 16 Espagne Rodri
83%
G 1 Angleterre James Trafford
82%
ATT 47 Angleterre Phil Foden
82%
ATT 42 Ghana Antoine Semenyo
80%
DEF 27 Portugal Matheus Nunes
77%
MIL 14 Espagne Nico González
74%
MIL 4 Pays-Bas Tijjani Reijnders
72%
DEF 33 Angleterre Nico O'Reilly
69%
DEF 15 Angleterre Marc Guéhi
64%
DEF 82 Angleterre Rico Lewis
64%
G 13 Angleterre Marcus Bettinelli
32%
MIL 41 Norvège Sverre Nypan
32%
DEF 68 Angleterre Max Alleyne
31%
Aucun quiz correspondant
Distribution des résultats
% des personnes avec chaque résultat
Percentile par nombre de réponses
Votre historique - résultats
Vous n’avez pas pris ce quiz depuis la dernière actualisation